000
00317nam a2200133Ia 4500
008
210312s9999||||xx |||||||||||||| ||und||
041
_a
osm
050
_a
PL248
050
_b
G8.A25
100
_a
Güntekin, Reşat Nuri
245
0
_a
Acımak
260
_c
1928
650
_a
Edebiyat--Türk edebiyatı--Roman ve hikaye
999
_c
22243
_d
22243